| 000 | 00922 a2200229 4500 | ||
|---|---|---|---|
| 003 | Nust | ||
| 005 | 20221221114624.0 | ||
| 010 | _a 89030464 | ||
| 020 | _a0671663984 : | ||
| 040 | _cNust | ||
| 082 | 0 | 0 | _a158.22,COV |
| 100 | 1 |
_aCovey, Stephen R. _9346 |
|
| 245 | 1 | 4 |
_aThe seven habits of highly effective people : _brestoring the character ethic / _cStephen R. Covey. |
| 260 |
_aNew York : _bSimon and Schuster, _cc1989. |
||
| 300 |
_a340 p. : _bill. ; _c25 cm. |
||
| 505 | _aPart-1: Paradigms and Principles (Page-13), Part-2: Private Victory (Page-63), Part-3: Public Victory (Page-183), Part-4: Renewal (Page-285). | ||
| 650 | 0 |
_aCharacter. _944497 |
|
| 650 | 0 |
_aSuccess _xPsychological aspects. _97705 |
|
| 856 | 4 | 1 |
_3Sample text _uhttp://www.loc.gov/catdir/enhancements/fy0705/89030464-s.html |
| 856 | 4 | 1 |
_3Table of contents only _uhttp://www.loc.gov/catdir/enhancements/fy0705/89030464-t.html |
| 942 |
_2ddc _cBK |
||
| 999 |
_c217218 _d217218 |
||